| 000 | 01892nam a2200373 i 4500 | ||
|---|---|---|---|
| 001 | 153673 | ||
| 003 | ES-MaACL | ||
| 005 | 20251013231358.0 | ||
| 008 | 931025s1776 sp f 001 0 spa d | ||
| 080 | _a821.134.2-13"15" | ||
| 080 | _a94(83)"1535/60"(0:82) | ||
| 100 | 1 |
_aErcilla y Zúñiga, Alonso de. _947364 |
|
| 245 | 1 | 3 |
_aLa Araucana : _bparte I [-III] / _csu autor Alonso de Ercilla y Zuñiga. |
| 260 |
_aEn Madrid : _bpor Antonio de Sancha..., _c1776. |
||
| 300 |
_a3 pt. en 2 v. , (LVI, 298 p., [2] en bl., [2] h. de lám., [1] h. de lám. pleg. ; 413 p., [2] en bl., [2] h. de lám.) ; _c19 cm. |
||
| 530 | _aDisponible en formato digital. | ||
| 594 | _aLa Parte III comienza en la p. 263 | ||
| 595 | _aSegún Manuel Santa María Campos hay 4 ediciones de esta obra impresas por Sancha con el mismo año. | ||
| 597 | _aSign.: Sign.: a-c8, d4, A-S8, T6 ; A-Z8, Aa-Cc8. | ||
| 597 | _aAntep. | ||
| 597 | _aTercera parte con port. propia, en p. 263 de la 2ª secuencia. | ||
| 599 | _aLám.: escenas de la conquista española de Chile, firmadas: "Ant. Carnicero la inv. y dib. J. Joaquín Fabregat la gravo"; "Antonio Carnicero la inventó y dibujó. Gil.", "Anton. Carnicero inv. et del. Moreno Tejada fc." | ||
| 651 | 4 |
_aChile- _xDescripción- _vObras anteriores a 1800. _9164468 |
|
| 651 | 4 |
_aChile- _xHistoria- _y1535-1560, descubrimiento y conquista. _98039 |
|
| 651 | 4 |
_aChile- _xHistoria- _y1560-1810, Época colonial. _9153615 |
|
| 700 | 1 |
_aSancha, Antonio de. _9132385 |
|
| 700 | 1 |
_aCarnicero, Antonio. _935379 |
|
| 700 | 1 |
_aMoreno Tejada, Juan. _9130174 |
|
| 700 | 1 |
_aFabregat, José Joaquín, _d1748-1807 _9150757 |
|
| 752 |
_aEspaña - _dMadrid |
||
| 852 | 4 |
_aES-MaACL _jR-414-15 _z- Enc. pasta _x- Olim: D-906-7 |
|
| 856 | 4 |
_uhttp://bdh-rd.bne.es/viewer.vm?id=0000001345&page=1 _zBiblioteca Digital Hispánica |
|
| 999 |
_c153673 _d153673 |
||